000 00682nam a2200265Ia 4500
005 20260123165630.0
008 008 260114s9999 xx 000 0 eng d
020 _a9781306123518
037 _aEBOOK
040 _aCRL
040 _beng
040 _cCRL
041 _2eng
041 _aeng
084 _qCRL
100 _aJames N. Danziger
_91106747
245 0 _aUnderstanding the Political World: An Introduction to Political Science, 11 ed.
260 _aPearson
260 _bPearson
260 _c2014
856 _uhttps://ebooks.elibrary.in.pearson.com/wr/launchbook.html?id=12032024
942 _cEBOOK
999 _c1671864
_d1671864